Terminologické špecifiká a vybrané teoretické otázky regionálneho populačného prognózovania

V súčasnej dobe rastie význam výsledkov populačných prognóz. Využitie výsledkov týchto prognóz je nevyhnutné pri tvorbe hospodárskej politiky krajiny, plánovaní regionálneho rozvoja, rozvoja na lokálnej úrovni a v ďalších oblastiach. Prehľad názorov na najproblematickejšie termíny z tejto oblasti a...

Descrizione completa

Salvato in:
Dettagli Bibliografici
Autore principale: Bleha, Branislav
Natura: Capitolo di libro
Lingua:slovacco
Soggetti:
Tags: Aggiungi Tag
Nessun Tag, puoi essere il primo ad aggiungerne!!

MARC

LEADER 00000naa$a2200000$$$4500
001 0043745
005 20231102101014.0
041 0 |a slo 
044 |a SK 
245 1 0 |a Terminologické špecifiká a vybrané teoretické otázky regionálneho populačného prognózovania  |c Branislav Bleha 
520 |a V súčasnej dobe rastie význam výsledkov populačných prognóz. Využitie výsledkov týchto prognóz je nevyhnutné pri tvorbe hospodárskej politiky krajiny, plánovaní regionálneho rozvoja, rozvoja na lokálnej úrovni a v ďalších oblastiach. Prehľad názorov na najproblematickejšie termíny z tejto oblasti a podanie zjednocujúceho pohľadu na danú terminológiu. Koncept pozície populačného prognózovania a regionálneho populačného prognózovania a ich vzájomné relácie z hľadiska predmetovej diferenciácie a metodologickej orientácie. 
610 2 0 |a obyvateľstvo 
610 2 0 |a populácia 
610 2 0 |a prognózovanie 
610 2 0 |a prognózy demografické 
610 2 0 |a prognózy 
610 2 0 |a terminológia 
100 1 |a Bleha, Branislav